Principles of polymerization engineering /

Guardado en:
Autor Principal: Biesenberger, Joseph A., 1935-
Otros Autores: Sebastian, Donald H., 1952-
Formato: Libro
Idioma:English
Publicado: New York : Wiley, c1983.
Materias:
Etiquetas: Agregar Etiqueta
Sin Etiquetas, Sea el primero en etiquetar este registro!
LEADER 00802cam a22002295a 4500
001 EIQ.libpla003570
008 821201s1983####nyua#####b####001#0#eng#d
005 20080214145851.0
245 1 0 |a Principles of polymerization engineering /  |c Joseph A. Biesenberger, Donald H. Sebastian. 
260 |a New York :  |b Wiley,  |c c1983. 
300 |a xxiv, 744 p. :  |b il. ;  |c 27 cm. 
500 |a "A Wiley-Interscience publication." 
504 |a Incluye referencias bibliográficas e índice. 
020 |a 0471086169 
100 1 |a Biesenberger, Joseph A.,  |d 1935- 
700 1 |a Sebastian, Donald H.,  |d 1952- 
082 0 0 |a 668.9  |2 19 
650 4 |a Polímeros  |x Polimerización. 
650 4 |a Polymers  |x Polymerization. 
010 |a  82023746  
040 |a DLC  |c DLC  |d AR-BbSID 
859 |a AR-BbSID  |b BIB. PLAPIQUI  |h 668.4  |i B 47  |p 3643